000 01430nam a2200229Ia 4500
003 Ost
005 20260507075549.0
008 260507s9999||||xx |||||||||||||| ||und||
020 _a9774084209
040 _cfsecg
041 _aara
082 _a658.85
100 _aبي، توني
_eمؤلف
245 0 _aفن البيع بمزاج /
_c توني بي
260 _aالقاهرة:
_bدار الفاروق للنشر والتوزيع,
_c2006
300 _a296 صفحة؛
_bإيضاحات ؛
_c24 سم
490 _aسلسلة التسويق الحديثة
520 _aيضم توظيف المهارات الذهنية والذاكرة في البيع، كيف توظف كل طاقاتك الذهنية في زيادة المبيعات، كيف تستخدم جميع لاحواسك للبيع، كيف ترفع من كفاءة الذاكرة، المعلومات ثروة جديدة، كيف تجعل من عقلك قاعدة معلومات، الخرائط الذهنية، العلاقة بين العقل والجسد، كيف تنجح في جذب العملاء، رسم تصورات ذهنية لإحتياجات العملاء، استخدام الأسئلة الإستقصائية فن البيع، استخدام بوصلة المبيعات، أعرف ذاتك واكتشف شخصيتك
653 _aالباعة وفن البيع
700 _aآي، رتشارد
_eمؤلف ثانوي
942 _cكتاب
999 _c44903
_d44903